Catálogo

The sage handbook of qualitative research / (Registro nro. 68552)

Detalles MARC
000 -LEADER
fixed length control field 01070cam a2200301 i 4500
001 - CONTROL NUMBER
control field 68552
003 - CONTROL NUMBER IDENTIFIER
control field Mx-PuUPA
005 - DATE AND TIME OF LATEST TRANSACTION
control field 20250925141158.0
008 - FIXED-LENGTH DATA ELEMENTS--GENERAL INFORMATION
fixed length control field 200123s2018 caua||||r|||| 00| 0 eng d
020 ## - INTERNATIONAL STANDARD BOOK NUMBER
International Standard Book Number 9781483349800
Qualifying information pasta dura
040 ## - CATALOGING SOURCE
Original cataloging agency Mx-PuUPA
Language of cataloging spa
Transcribing agency Mx-PuUPA
Modifying agency Mx-PuUPA
Description conventions rda
041 0# - LANGUAGE CODE
Language code of text/sound track or separate title eng
245 14 - TITLE STATEMENT
Title The sage handbook of qualitative research /
Statement of responsibility, etc. edited by Norman K. Denzin, Yvonna S. Lincoln
250 ## - EDITION STATEMENT
Edition statement Fifth edition
264 #1 - PRODUCTION, PUBLICATION, DISTRIBUTION, MANUFACTURE, AND COPYRIGHT NOTICE
Place of production, publication, distribution, manufacture Thousand Oaks, California :
Name of producer, publisher, distributor, manufacturer SAGE Publications,
Date of production, publication, distribution, manufacture, or copyright notice ©2018
300 ## - PHYSICAL DESCRIPTION
Extent xx, 968 páginas :
Other physical details ilustraciones ;
Dimensions 26 cm
336 ## - CONTENT TYPE
Fuente rdacontent
Content type term texto
Content type code txt
337 ## - MEDIA TYPE
Source rdamedia
Media type term sin medio
Media type code n
338 ## - CARRIER TYPE
Source rdacarrier
Carrier type term volumen
Carrier type code nc
650 #7 - SUBJECT ADDED ENTRY--TOPICAL TERM
Source of heading or term armarc
Topical term or geographic name entry element Investigación social
650 #7 - SUBJECT ADDED ENTRY--TOPICAL TERM
Source of heading or term armarc
Topical term or geographic name entry element Investigación cualitativa
700 1# - ADDED ENTRY--PERSONAL NAME
Personal name Denzin, Norman K.,
Relator term editor
700 1# - ADDED ENTRY--PERSONAL NAME
Personal name Lincoln, Yvonna S.,
Relator term editor
942 ## - ADDED ENTRY ELEMENTS (KOHA)
Source of classification or shelving scheme Dewey Decimal Classification
Koha item type Libro
Classification part 300.72
Item part S25
Existencias
Withdrawn status Lost status Source of classification or shelving scheme Damaged status Not for loan Collection code Home library Current library Shelving location Date acquired Source of acquisition Cost, normal purchase price Total Checkouts Full call number Barcode Date last seen Cost, replacement price Price effective from Koha item type Total Renewals Date last checked out Copy number
    Dewey Decimal Classification     General Biblioteca Karol Wojtyla Biblioteca Karol Wojtyla Sala general 21/08/2021 11 2618.72   300.72 S25 2018 100740 05/01/2026 2618.72 21/08/2021 Reserva permanente      
    Dewey Decimal Classification     General Biblioteca Karol Wojtyla Biblioteca Karol Wojtyla Sala general 21/08/2021 11 2618.72 1 300.72 S25 2018 100741 05/01/2026 2618.72 21/08/2021 Libro 1 26/04/2022 Ej.2